01178nam a2200169Ia 4500001001300000003001000013008004100023040002500064041000700089100001900096245007000115250001100185260002500196300001200221500073700233650003800970b4634-30260 IT-MiCISF161014s9999||||xx |||||||||||||| ||und|| aIT-MiCISFcIT-MiCISF ait aNadali Giorgio 0aSessualità, religioni e settebAmore e sesso nei culti mondiali a1a ed. a RomabArmandoc1999 app. 352 a / sessualità, amore, religione, religioni-non-cristiane, morale-sessuale / Oggi non è possibile dissociare e isolare, da parte sia dei laici che dei credenti, la conoscenza della morale sessuale dai contesti storici e ideologici di riferimento, soprattutto in un'epoca come la nostra di rapide, profonde ed estese mutazioni, in cui i fenomeni migratori e una in "tempo reale" pongono in contatto, diretto o indiretto, popoli e culture diverse. L'A. presenta, secondo un'analisi comparativa, concezioni e normative in materia sessuale nelle religioni monoteistiche rivelate (ebraismo, cristianesimo e islam), in quelle politeistiche (induismo, buddhismo, shintoismo, confucianesimo), nelle religioni tribali e nelle nuove sette. a Sessualità / sessualitàe005